Statistics for World Countries with Two Borders (with a map)

Click here to take the quiz!

General Stats

  • This quiz has been taken 1,080 times
  • The average score is 18 of 27

Answers on the Map

Answers color-coded by a green-red scale on the quiz's map according to % correct below.
Loading ...
 

Answer Stats

Country% Correct
United States
97%
Sweden
87%
Uruguay
84%
Yemen
82%
Panama
80%
Ecuador
78%
Mongolia
77%
Costa Rica
74%
Tunisia
73%
Nepal
71%
Bhutan
69%
Nicaragua
68%
Andorra
67%
Belize
66%
Estonia
64%
Netherlands
62%
United Arab Emirates
62%
Liechtenstein
60%
Moldova
60%
El Salvador
58%
Swaziland
58%
Bangladesh
56%
Equatorial Guinea
54%
Sierra Leone
53%
Kuwait
52%
Guinea-Bissau
48%
Lebanon
47%

Score Distribution

Percentile by Number Answered

Percent of People with Each Score

Your Score History

You have not taken this quiz